Diseñar la luz: Preparación de la iluminación en la fotografía mediante el flash

Guardat en:
Dades bibliogràfiques
Autor principal: McNally, Joe (autor)
Format: Llibre
Publicat: Madrid, España: Anaya Multimedia, 2012.
Col·lecció:Photoclub.
Matèries:
Etiquetes: Afegir etiqueta
Sense etiquetes, Sigues el primer a etiquetar aquest registre!

MARC

LEADER 00000nam a22000007a 4500
003 CL-VaPUC
005 20250407202435.0
008 250303t2012 ||||| |||| 00| 0 eng d
999 |c 447068  |d 447066 
020 |a 978-84-415-3174-1 
040 |c Pontificia Universidad Católica de Valparaíso 
082 |a 778.72 MCN 2012 
100 |9 896264  |a McNally, Joe  |e autor 
245 |a Diseñar la luz:  |b Preparación de la iluminación en la fotografía mediante el flash 
260 |a Madrid, España:  |b Anaya Multimedia,  |c 2012. 
300 |a 415 páginas:  |b fotografías. 
490 |a Photoclub. 
500 |a c.1. Instituto Arcos.08-01-2025. 
583 |c 20250303  |k Gabriela Rodríguez Cuevas 
650 0 |9 862305  |a Fotografía  |v Iluminación  
650 0 |9 870893  |a Fotografía   |x Técnica  |x Uso de flash 
942 |2 ddc  |c BK  |n 0 
952 |0 0  |1 0  |2 ddc  |4 0  |6 778_720000000000000_MCN_2012  |7 0  |8 A  |9 600505  |a BIBINC  |b BIBINC  |d 2025-03-03  |e Instituto Arcos  |i 5665362  |o 778.72 MCN 2012  |p 5665362  |r 2025-03-03  |t 1  |w 2025-03-03  |y BK  |k IFP